| 000 | 00679nam a22002177a 4500 | ||
|---|---|---|---|
| 999 |
_c16641 _d16641 |
||
| 003 | AR-CdUCM | ||
| 008 | 190504b ||||| |||| 00| 0 spa d | ||
| 040 |
_aMUNICIPALIDAD PROVINCIAL DEL CUSCO _cBIBLIOTECA MUNICIPAL DEL CUSCO |
||
| 082 |
_a890.832 / _bIS84 |
||
| 100 |
_aIstrati, Panait _935294 |
||
| 245 |
_aNerransula : _bNaranja silvestre / |
||
| 260 |
_aBuenos Aires : _bModernas "Jasa", _c1943. |
||
| 300 |
_a79 páginas ; _c18 cm. |
||
| 505 | _aContenido: Nerransula -- Codine. | ||
| 650 |
_aNovelas rumanas _935295 |
||
| 650 |
_aSiglo XX. _98 |
||
| 650 |
_aNovelas de costumbres _9168 |
||
| 650 |
_aRumanía _931075 |
||
| 942 |
_2ddc _cLIBROS |
||
| 945 |
_aacv _d2019-05-04 |
||